|
|
|
|
| LEADER |
01744nam a2200433 a 4500 |
| 001 |
EBC3414940 |
| 003 |
MiAaPQ |
| 005 |
20200520144314.0 |
| 006 |
m o d | |
| 007 |
cr cn||||||||| |
| 008 |
981015s1998 miua sb 001 0 eng d |
| 010 |
|
|
|z 98048621
|
| 020 |
|
|
|z 0472109332 (cloth : alk. paper)
|
| 020 |
|
|
|z 9780472109333 (cloth)
|
| 020 |
|
|
|a 9780472026937 (electronic bk.)
|
| 035 |
|
|
|a (MiAaPQ)EBC3414940
|
| 035 |
|
|
|a (Au-PeEL)EBL3414940
|
| 035 |
|
|
|a (CaPaEBR)ebr10415887
|
| 035 |
|
|
|a (CaONFJC)MIL276558
|
| 035 |
|
|
|a (OCoLC)729021276
|
| 040 |
|
|
|a MiAaPQ
|c MiAaPQ
|d MiAaPQ
|
| 043 |
|
|
|a a-ii---
|
| 050 |
|
4 |
|a HF1589
|b .I36 1998
|
| 082 |
0 |
4 |
|a 380.3/0954
|2 21
|
| 245 |
0 |
4 |
|a The impact of trade and domestic policy reforms in India
|h [electronic resource] :
|b a CGE modeling approach /
|c Rajesh Chadha ... [et al.].
|
| 260 |
|
|
|a Ann Arbor :
|b University of Michigan Press,
|c c1998.
|
| 300 |
|
|
|a viii, 173 p. :
|b ill.
|
| 490 |
1 |
|
|a Studies in international economics
|
| 504 |
|
|
|a Includes bibliographical references and indexes.
|
| 533 |
|
|
|a Electronic reproduction. Ann Arbor, MI : ProQuest, 2015. Available via World Wide Web. Access may be limited to ProQuest affiliated libraries.
|
| 650 |
|
0 |
|a Industrial policy
|z India
|x Econometric models.
|
| 651 |
|
0 |
|a India
|x Commercial policy
|x Econometric models.
|
| 651 |
|
0 |
|a India
|x Economic policy
|y 1991-
|x Econometric models.
|
| 651 |
|
0 |
|a India
|x Economic conditions
|y 1947-
|x Econometric models.
|
| 655 |
|
4 |
|a Electronic books.
|
| 700 |
1 |
|
|a Chadha, Rajesh.
|
| 710 |
2 |
|
|a ProQuest (Firm)
|
| 830 |
|
0 |
|a Studies in international economics (Ann Arbor, Mich.)
|
| 856 |
4 |
0 |
|u https://ebookcentral.proquest.com/lib/matrademy/detail.action?docID=3414940
|z Click to View
|